Ionic liquids in synthesis (Record no. 1959)

000 -LEADER
fixed length control field 00544nam a22002297a 4500
001 - CONTROL NUMBER
control field 1959
003 - CONTROL NUMBER IDENTIFIER
control field BD-DhUET
008 - FIXED-LENGTH DATA ELEMENTS--GENERAL INFORMATION
fixed length control field 0
020 ## - INTERNATIONAL STANDARD BOOK NUMBER
International Standard Book Number 9783527312399
040 ## - CATALOGING SOURCE
Transcribing agency 0
Modifying agency BD-DhUET
082 ## - DEWEY DECIMAL CLASSIFICATION NUMBER
Classification number 547.2
Item number WAS/2008
100 ## - MAIN ENTRY--PERSONAL NAME
Personal name Wasserscheid, Peter
245 ## - TITLE STATEMENT
Title Ionic liquids in synthesis
250 ## - EDITION STATEMENT
Edition statement 2nd rev.enl.ed.
260 ## - PUBLICATION, DISTRIBUTION, ETC. (IMPRINT)
Place of publication, distribution, etc. Weinheim
Name of publisher, distributor, etc. WILEY-VCH Verlag GmbH
Date of publication, distribution, etc. 2008
300 ## - PHYSICAL DESCRIPTION
Extent xxv, 367 p.
501 ## - WITH NOTE
With note Volume 1
504 ## - BIBLIOGRAPHY, ETC. NOTE
Bibliography, etc Includes bibliographies
650 #0 - SUBJECT ADDED ENTRY--TOPICAL TERM
Topical term or geographic name as entry element Organic compounds-Synthesis
700 ## - ADDED ENTRY--PERSONAL NAME
Personal name Welton, Tom
942 ## - ADDED ENTRY ELEMENTS (KOHA)
Koha item type Edited Book
Holdings
Source of classification or shelving scheme Koha full call number Piece designation (barcode) Not for loan Damaged status Withdrawn status Shelving location Copy number Koha item type Koha normalized classification for sorting Price effective from Date acquired Lost status Location (home branch) Sublocation or collection (holding branch) Koha date last seen
 547.2/WAS/2008106997   Circulation section1Edited Book547_000000000000000_2WAS20082014-09-152014-09-15 Central Library, BUETCentral Library, BUET2014-09-15
 547.2/WAS/2008106999   Circulation section2Edited Book547_000000000000000_2WAS20082014-09-152014-09-15 Central Library, BUETCentral Library, BUET2014-09-15
 547.2/WAS/2008106998   Circulation section3Edited Book547_200000000000000_WAS_20082017-04-042009-05-16 Central Library, BUETCentral Library, BUET2017-04-04